000 00596nam a2200241Ia 4500
005 20260306150921.0
008 008 260114s9999 xx 000 0 eng d
020 _a9783110963588
037 _aEbook
040 _aCRL
040 _beng
040 _cCRL
041 _2eng
041 _aeng
084 _qCRL
245 0 _aNuevos caminos en la investigación de los años 20 en España
260 _bMax Niemeyer Verlag
260 _c1998
650 _aLiterary Studies
856 _uhttps://www.degruyter.com/isbn/9783110963588
942 _cEBOOK
999 _c1700727
_d1700727